| 000 | 00536nam a2200205Ia 4500 | ||
|---|---|---|---|
| 005 | 20240823024346.0 | ||
| 008 | 240823s9999||||xx |||||||||||||| ||und|| | ||
| 020 | _a81-239-0039-2 | ||
| 041 | _aENGLISH | ||
| 082 | _A624.1517 P9 P9 | ||
| 100 | _a"Singh,Alam" | ||
| 245 | 0 | _aSoil Engineering:In Theory and Practice Vol - 2 | |
| 250 | _aIInd | ||
| 260 |
_c2009 _b"CBH Publishers and Distributor (P) Ltd,Ch" |
||
| 500 | _aYES | ||
| 650 |
_aSoil Engineering _bCivil |
||
| 700 | _a" Chowdhary,G.R" | ||
| 942 | _cBK | ||
| 999 |
_c183734 _d183734 |
||